Сountries that exported honey - Statistics

General Stats
  • This quiz has been taken 102 times
  • The average score is 9 of 15
Answer Stats
Hint Answer % Correct
$260.3 million (11.4% of total honey exports) China
92%
$98.6 million (4.3%) Brazil
83%
$77.2 million (3.4%) India
80%
$120.4 million (5.3%) Spain
78%
$147 million (6.4%) Mexico
76%
$46 million (2%) Canada
75%
$46.4 million (2%) Italy
75%
$204.4 million (8.9%) Argentina
72%
$150.3 million (6.6%) Germany
72%
$93.2 million (4.1%) Ukraine
46%
$53.9 million (2.4%) Romania
41%
$95.8 million (4.2%) Hungary
39%
$168.2 million (7.3%) New Zealand
35%
$73.1 million (3.2%) Belgium
33%
$127.8 million (5.6%) Vietnam
32%
No matching quizzes found
Score Distribution
Percent of People with Each Score
Percentile by Number Answered
Your Score History
You have not taken this quiz